000 00978nam a22002777a 4500
003 DO-SdBPM
005 20250528100819.0
007 ta
008 170731b 2009 sp 0 spa d
020 _a9788323684588
040 _aDO-SdBPM
_bspa
_cBPMSU
_erda
082 4 _a863.6
_bN322q 2009
_222
100 1 _aNavarro Durán, Rosa
245 _aEl Quijote contado a los niños /
_cRosa Navarro Durán ; con ilustraciones de Francesc Rovira.
250 _a6a. ed.
260 _aMadrid:
_bedebé,
_c2009
300 _a196 p. :
_bil. ;
_c24 cm.
490 0 _aClásicos contados a los ñiños
590 _aInventariado, 2025/VM
600 _aCervantes Saavedra, Miguel de,
_d1547-1616
_tDon Quijote de la Mancha
_xAdaptaciones juveniles.
_q
650 4 _aNovela juvenil española
650 4 _aLibros de caballerías
_ySiglo XVII
_xAdaptaciones juveniles.
700 1 _aFrances Rovira
_eilustración
910 _aVMateo V. Control de calidad. BPMSU
942 _2ddc
_cBK
999 _c15108
_d15108